Statystyki dla Kraje najbliższe Albanii

Kliknij tutaj aby rozwiązać quiz!

Ogólne statystyki

  • Ten quiz został rozwiązany 427 razy
  • Średni wynik to 17 z 20

Statystyki odpowiedzi

kmkraj% Poprawnych
0Grecja
97%
70Chorwacja
96%
38Serbia
96%
0Czarnogóra
93%
0Kosowo
93%
73Włochy
93%
148Bułgaria
92%
266Rumunia
92%
467Słowenia
92%
76Bośnia i
Hercegowina
91%
357Węgry
91%
0Macedonia
Północna
89%
574Słowacja
88%
532Austria
87%
420Turcja
87%
698Czechy
83%
640Ukraina
72%
570Watykan
72%
587San Marino
71%
638Malta
64%

Rozkład punktacji

Percentyl według liczby udzielonych odpowiedzi

Procent ludzi z każdym wynikiem

Twoja historia wyników

Nie rozwiązałeś tego quizu